UEFA Team of the Year 2006 - Statistics

General Stats
  • This quiz has been taken 92 times
  • The average score is 11 of 12
Answer Stats
Position Nationality Club Answer % Correct
CB Spain Barcelona Carles Puyol
100%
GK Italy Juventus Gianluigi Buffon
100%
ST France Arsenal Thierry Henry
99%
LB Germany Bayern Munich Phillipp Lahm
97%
RM England Liverpool Steven Gerrard
97%
ST Cameroon Barcelona Samuel Eto'o
96%
LM Brazil Barcelona Ronaldinho
95%
CM Spain Arsenal Cesc Fàbregas
92%
CM Brazil AC Milan Kaká
92%
CB Italy Juventus / Real Madrid Fabio Cannavaro
87%
Manager Netherlands Barcelona Frank Rijkaard
71%
RB Italy Juventus / Barcelona Gianluca Zambrotta
65%
No matching quizzes found
Score Distribution
Percent of People with Each Score
Percentile by Number Answered
Your Score History
You have not taken this quiz